[Event "Titled Tuesday intern op 14th May Late"]
[Site "Chess.com INT"]
[Date "2024.05.14"]
[Round "7"]
[White "Balla, Tamas Kristof"]
[Black "Demchenko, Anton"]
[Result "0-1"]
[WhiteElo "2296"]
[BlackElo "2609"]
[PlyCount "42"]
[EventDate "2024.05.14"]
[EventType "swiss (blitz)"]
[EventRounds "11"]
[EventCountry "USA"]
[SourceTitle "CB21_2024"]
[SourceDate "2024.05.22"]
[SourceVersion "1"]
[SourceVersionDate "2024.05.22"]
[SourceQuality "1"]

1. Nf3 Nf6 2. b3 a5 3. a3 c5 4. e3 a4 5. b4 e6 6. Bb2 cxb4 7. axb4 Bxb4 8. Bb5 0-0 9. 0-0 Nc6 10. Bxa4 b6 11. Nc3 Bb7 12. d4 Ra5 13. Qe2 Qa8 14. e4 Bxc3 15. Bxc6 Bxb2 16. Rxa5 bxa5 17. Bxb7 Qxb7 18. Rb1 a4 19. e5 Ne4 20. c4 a3 21. d5 Nc3 0-1

[Event "Titled Tuesday intern op 14th May Late"]
[Site "Chess.com INT"]
[Date "2024.05.14"]
[Round "5"]
[White "Bardyk, Artem"]
[Black "Balla, Tamas Kristof"]
[Result "0-1"]
[WhiteElo "2319"]
[BlackElo "2296"]
[PlyCount "60"]
[EventDate "2024.05.14"]
[EventType "swiss (blitz)"]
[EventRounds "11"]
[EventCountry "USA"]
[SourceTitle "CB21_2024"]
[SourceDate "2024.05.22"]
[SourceVersion "1"]
[SourceVersionDate "2024.05.22"]
[SourceQuality "1"]

1. e4 c5 2. c3 Nf6 3. e5 Nd5 4. Nf3 Nc6 5. Bc4 Nb6 6. Bb3 c4 7. Bc2 d6 8. exd6 Qxd6 9. 0-0 Bg4 10. h3 Bh5 11. b3 e6 12. Na3 cxb3 13. axb3 Be7 14. Nc4 Nxc4 15. bxc4 0-0 16. d4 Rac8 17. Re1 b6 18. Bd2 Qc7 19. d5 Na5 20. dxe6 Nxc4 21. exf7+ Rxf7 22. Be4 Kh8 23. g4 Bg6 24. Bxg6 hxg6 25. Qe2 Nxd2 26. Nxd2 Bc5 27. Ne4 Re8 28. Qd3 Rxe4 29. Rxe4 Rxf2 30. Kh1 Qh2# 0-1

[Event "Titled Tuesday intern op 30th Apr Early"]
[Site "Chess.com INT"]
[Date "2024.04.30"]
[Round "4"]
[White "Balla, Tamas Kristof"]
[Black "Chua, Alexander J"]
[Result "1-0"]
[WhiteElo "2291"]
[BlackElo "2308"]
[PlyCount "143"]
[EventDate "2024.04.30"]
[EventType "swiss (blitz)"]
[EventRounds "11"]
[EventCountry "USA"]
[SourceTitle "CB19_2024"]
[SourceDate "2024.05.08"]
[SourceVersion "1"]
[SourceVersionDate "2024.05.08"]
[SourceQuality "1"]

1. Nf3 Nf6 2. b3 a5 3. a3 d5 4. Bb2 c6 5. e3 Bf5 6. c4 e6 7. Nc3 h6 8. d4 Nbd7 9. Bd3 Bxd3 10. Qxd3 Bd6 11. 0-0 0-0 12. Rfe1 Re8 13. e4 Nxe4 14. Nxe4 dxe4 15. Qxe4 Nf6 16. Qc2 b5 17. Rad1 Rc8 18. Qe2 Qe7 19. cxb5 cxb5 20. d5 Bxa3 21. dxe6 Bb4 22. Qxb5 Bxe1 23. Rxe1 fxe6 24. Qxa5 Nd5 25. h3 Qb4 26. Qa7 Rc7 27. Qd4 Qxd4 28. Nxd4 Kf7 29. Nf3 Rb7 30. Ne5+ Kg8 31. Ng4 Rxb3 32. Be5 h5 33. Nh2 Re7 34. Nf3 Reb7 35. Re4 R7b4 36. Re2 Rb1+ 37. Kh2 Rc4 38. Ra2 Kf7 39. Ra7+ Kg6 40. Rxg7+ Kf5 41. Rg5+ Ke4 42. Rxh5 Kd3 43. Rg5 Ke2 44. Bd4 Nf4 45. Re5+ Kd3 46. Re3+ Kc2 47. Re4 Nd3 48. Rxe6 Rf1 49. Re2+ Kb3 50. h4 Rcc1 51. Kg3 Rh1 52. Re3 Kc4 53. Re4 Kd5 54. Re3 Rcd1 55. Bf6 Nc5 56. Re5+ Kd6 57. Bg5 Rd3 58. Bf4 Kc6 59. Rg5 Ne4+ 60. Kg4 Nxf2+ 61. Kf5 Rd5+ 62. Kf6 Ne4+ 63. Ke6 Nxg5+ 64. Bxg5 Ra5 65. Kf6 Kd5 66. Kg6 Ke4 67. h5 Ra6+ 68. Kg7 Rxh5 69. Bf6 Ra2 70. g4 Rg2 71. Ng5+ Kf4 72. gxh5 1-0

[Event "Titled Tuesday intern op 30th Apr Early"]
[Site "Chess.com INT"]
[Date "2024.04.30"]
[Round "1"]
[White "Balla, Tamas Kristof"]
[Black "Rasulov, Vugar Ural Oglu"]
[Result "0-1"]
[WhiteElo "2291"]
[BlackElo "2551"]
[PlyCount "52"]
[EventDate "2024.04.30"]
[EventType "swiss (blitz)"]
[EventRounds "11"]
[EventCountry "USA"]
[SourceTitle "CB19_2024"]
[SourceDate "2024.05.08"]
[SourceVersion "1"]
[SourceVersionDate "2024.05.08"]
[SourceQuality "1"]

1. Nf3 c5 2. b3 d5 3. Bb2 f6 4. e3 e5 5. d4 cxd4 6. exd4 e4 7. Nfd2 f5 8. c4 Nf6 9. Nc3 Bd6 10. cxd5 0-0 11. Be2 a6 12. 0-0 b5 13. Rc1 Bb7 14. Re1 Nbd7 15. Bf1 Bxh2+ 16. Kxh2 Ng4+ 17. Kg3 Ndf6 18. Ncxe4 fxe4 19. Nxe4 Nxe4+ 20. Rxe4 Nxf2 21. Qe2 Qg5+ 22. Kh2 Qh6+ 23. Kg3 Nh1+ 24. Kg4 Qg6+ 25. Kh4 Qg3+ 26. Kh5 Rf5# 0-1

[Event "Titled Tuesday intern op 30th Apr Early"]
[Site "Chess.com INT"]
[Date "2024.04.30"]
[Round "11"]
[White "Balla, Tamas Kristof"]
[Black "Wu, Derek"]
[Result "0-1"]
[WhiteElo "2291"]
[BlackElo "2295"]
[PlyCount "70"]
[EventDate "2024.04.30"]
[EventType "swiss (blitz)"]
[EventRounds "11"]
[EventCountry "USA"]
[SourceTitle "CB19_2024"]
[SourceDate "2024.05.08"]
[SourceVersion "1"]
[SourceVersionDate "2024.05.08"]
[SourceQuality "1"]

1. Nf3 Nf6 2. b3 g6 3. Bb2 Bg7 4. e3 d5 5. c4 dxc4 6. bxc4 c5 7. Nc3 0-0 8. Be2 Nc6 9. 0-0 b6 10. a3 Bf5 11. d4 cxd4 12. exd4 Rc8 13. Qa4 Na5 14. Rac1 Ne4 15. Nxe4 Bxe4 16. Rfd1 Bc6 17. Qb4 Be4 18. d5 Bxb2 19. Qxb2 Bxf3 20. Bxf3 Rxc4 21. Rxc4 Nxc4 22. Qe2 Nd6 23. h4 h5 24. Bxh5 gxh5 25. Qxh5 Ne8 26. Rd3 Ng7 27. Rg3 Qd6 28. Qg4 Qf6 29. h5 Rd8 30. Qe4 Rd6 31. Kh2 Kf8 32. h6 Nf5 33. Rh3 Nxh6 34. Qh7 Ng8 35. Rg3 Qh6+ 0-1